Propuestas metodológicas para el trabajo social

Сохранить в:
Библиографические подробности
Главные авторы: Rovere, Ana María (Автор), Allende, Cecilia (Автор), Cornejo, María del Carmen (Автор)
Формат:
Язык:испанский
Опубликовано: Buenos Aires Hvmanitas 1984
Серии:Cuadernos de Servicio Social, 39
Предметы:
Метки: Добавить метку
Нет меток, Требуется 1-ая метка записи!

MARC

LEADER 00000nam a2200000 a 4500
001 UCQ2055
003 CL-VaPUC
008 980721e19840000AG |||||||||||||||||spa|d
082 0 4 |a 361.301  |b ROV  |2 21 
100 0 |a Rovere, Ana María  |e author  |9 415920 
700 0 |a Allende, Cecilia  |e author  |9 415921 
700 0 |a Cornejo, María del Carmen  |e author  |9 415922 
245 1 0 |a Propuestas metodológicas para el trabajo social 
300 |a 69 p 
942 |c BK 
945 |d 19980721 00:00:00  |a crobeson 
260 |a Buenos Aires  |b Hvmanitas  |c 1984 
650 0 |a Trabajo social   |9 307856 
650 7 |a METODOS  |2 CL-VaPUC  |9 335948 
650 0 |a Metodología   |9 256610 
650 0 |a Método científico   |9 337193 
650 0 |a Servicio social  |9 307999 
583 |a last modification  |c 19980721 00:00:00  |k Rodrigo Vera 
490 0 |a Cuadernos de Servicio Social, 39 
999 |c 272897  |d 272895 
952 |0 0  |1 0  |4 0  |6 361_301000000000000_ROV_1984  |7 0  |8 A  |9 308110  |a BIBGIM  |b BIBGIM  |d 2019-11-20  |i 1435493  |o 361.301 ROV 1984  |p 1435493  |r 2025-01-15  |w 2019-11-20  |y BK  |k SSL